000 nam a22 7a 4500
999 _c25554
_d25554
008 170131b xxu||||| |||| 00| 0 eng d
020 _a716709961
020 _a716709953
050 _aSB 41 .J36 1970
100 _aJanick, Jules
245 _aPlant agriculture/
246 _aReadings from scientific American/
260 _aSan Francisco :
_bW. H. Freeman and Co.,
_c1970.
300 _a246p. :
_bill. ;
_c28 cm.
650 _aAgriculture
942 _2lcc
_cBOOKS
_hSB 41 .J36 1970